000
00268nam a2200097Ia 4500
001
1195968
005
20250827021757.0
008
250824s9999 xx 000 0 und d
245
0
_a
AYDINLIK KAPI
_c
HALİDE NUSRET ZORLUTUNA
260
_b
T.C. KÜLTÜR BAKANLIĞI YAYINLARI
999
_c
1195968
_d
1195968